000 01441nam0a22003251 4500
001 rc\3539278
005 20250610033428.0
021 _aRU
_b[73-56892]
035 _a(NLR Aleph) 007668733
090 _a6410470
_c6410470
100 _a20130115d1973 |||y0rusy50 ca
101 0 _arus
102 _aRU
105 _aa z |||||
200 1 _aВоенно-полевая терапия
_e[Учеб. пособие для мед. ин-тов]
_fПод ред. акад. Н.С. Молчанова и проф. Е.В. Гембицкого
_g[Предисл. ген.-полк. мед. службы Д. Кувшинского]
210 _aЛенинград
_cМедицина. Ленингр. отд-ние
_d1973
215 _a239 с.
_cил.
_d22
300 _aНа обороте тит. л. авт.: проф. Н.С. Молчанов, Г.И. Алексеев, Н.А. Богданов и др.
606 _aВоенно-полевая терапия
_jУчебники и пособия
_2psbo
701 1 _aАлексеев
_bГ.И.
701 1 _aБогданов
_bН.А.
701 1 _4340
_7ca
_8rus
_aМолчанов
_bН. С.
_f1899-1972
_gНиколай Семенович
_9216848
_3RU\NLR\AUTH\770216904
702 1 _aКувшинский
_bД.
_4080
702 1 _aГембицкий
_bЕ.В.
_4340
801 0 _aRU
_bNLR
_gpsbo
801 1 _aRU
_bELAR
_2rusmarc
852 _aNLR
_j73-5/3046
942 _cBOOK
980 _aNB